000 01405cam a22004094a 4500
001 101838
005 20230410121134.0
008 090911s2009 fr b b 000 0 fre
020 _a9782130550037
020 _a2130550037
029 1 _aTZT
_bJTL00255572
029 1 _aAUXAM
_bAAL0457535-0001
029 1 _aAU@
_b000044996995
029 1 _aGEBAY
_b11567247
035 _a(OCoLC)436844321
050 1 4 _aJV 6032
_bW662g 2009
082 0 0 _a300
100 1 _aWihtol de Wenden, Catherine.
245 1 3 _aLa globalisation humaine /
_cCatherine Wihtol de Wenden.
260 _aParis :
_bPresses universitaires de France,
_c2009.
300 _av, 261 p. :
_bmaps ;
_c22 cm.
504 _aIncludes bibliographical references (p. 247-[258]).
650 0 _aEmigration and immigration
_xHistory
_y20th century.
650 0 _aEmigration and immigration
_xHistory
_y21st century.
650 0 _aGlobalization.
650 4 _aEmigración e inmigración
_xHistoria del siglo 20.
650 4 _aEmigración e inmigración
_xHistoria del siglo 21.
650 4 _aGlobalización.
653 _aInternational Migrations.
650 0 7 _aGlobalisierung
_2swd
650 0 7 _aInternationale Migration
_2swd
938 _aJean Touzot Libraire Editeur
_bTOUZ
_nJTL00255572
_c26 EUR
938 _aAux Amateurs de Livres
_bAUXA
_nAAL0457535-0001
_c26,00 EUR
942 _2lcc
_cbk
946 _aINF
994 _aC0
_bDRFGD
999 _c58727
_d58727